Combien de ville de l'Indre (36) connais-tu ? - Statistiques

Statistiques générales
  • Ce quiz a été pris 36 fois
  • Le résultat moyen est 20 sur 241
Statistiques - réponses
Code postal Ville % Correct
36019 Châteauroux
90%
36015 Issoudun
66%
36200 Argenton-sur-Creuse
55%
36400 La Châtre
55%
36130 Déols
45%
36300 Le Blanc
45%
36500 Buzançais
41%
36330 Le Poinçonnet
41%
36600 Valençay
38%
36150 Vatan
34%
36140 Aigurande
31%
36120 Ardentes
31%
36340 Cluis
31%
36110 Levroux
31%
36255 Saint-Maur
31%
36350 Luant
28%
36260 Reuilly
28%
36130 Montierchaume
24%
36100 Neuvy-Pailloux
24%
36230 Neuvy-Saint-Sépulchre
24%
36320 Villedieu-sur-Indre
24%
36330 Arthon
21%
36700 Châtillon-sur-Indre
21%
36200 Le Pêchereau
21%
36300 Pouligny-Saint-Pierre
21%
36140 Crevant
17%
36800 Le Pont-Chrétien-Chabenet
17%
36230 Mers-sur-Indre
17%
36200 Mosnay
17%
36800 Saint-Gaultier
17%
36500 Saint-Genou
17%
36200 Tendu
17%
36120 Ambrault
14%
36290 Azay-le-Ferron
14%
36110 Bouges-le-Château
14%
36110 Brion
14%
36800 Chasseneuil
14%
36130 Coings
14%
36130 Diors
14%
36400 Le Magny
14%
36170 Saint-Benoît-du-Sault
14%
36100 Saint-Valentin
14%
36800 Thenay
14%
36110 Vineuil
14%
36200 Badecon-le-Pin
10%
36110 Baudres
10%
36370 Bélâbre
10%
36200 Bouesse
10%
35000 Bretagne
10%
36200 Ceaulmont
10%
36200 Celon
10%
36310 Chaillac
10%
36700 Clion
10%
36270 Éguzon-Chantôme
10%
36100 La Champenoise
10%
36120 Mâron
10%
36220 Martizay
10%
36140 Montchevrier
10%
36260 Paudy
10%
36190 Pommiers
10%
36210 Poulaines
10%
36120 Pruniers
10%
36230 Saint-Denis-de-Jouhet
10%
36260 Sainte-Lizaigne
10%
36200 Saint-Marcel
10%
36330 Velles
10%
36170 Vigoux
10%
36100 Vouillon
10%
36500 Argy
7%
36270 Baraize
7%
36270 Bazaiges
7%
36120 Bommiers
7%
36210 Chabris
7%
36400 Chassignolles
7%
36800 Chitray
7%
36300 Ciron
7%
36100 Condé
7%
36190 Cuzion
7%
36260 Diou
7%
36240 Écueillé
7%
36120 Étrechet
7%
36190 Gargilesse-Dampierre
7%
36150 Giroux
7%
36150 Guilly
7%
36140 La Buxerette
7%
36170 La Châtre-Langlin
7%
36350 La Pérouille
7%
36200 Le Menoux
7%
36100 Les Bordes
7%
36360 Luçay-le-Mâle
7%
36150 Meunet-sur-Vatan
7%
36260 Migny
7%
36400 Montgivray
7%
36340 Mouhers
7%
36110 Moulins-sur-Céphons
7%
36400 Nohant-Vic
7%
36800 Nuret-le-Ferron
7%
36190 Orsennes
7%
36170 Parnac
7%
36160 Pouligny-Saint-Martin
7%
36150 Reboursin
7%
36300 Rosnay
7%
36300 Ruffec
7%
36100 Saint-Aoustrille
7%
36120 Saint-Août
7%
36150 Saint-Florentin
7%
36100 Saint-Georges-sur-Arnon
7%
36120 Sassierges-Saint-Germain
7%
36290 Villiers
7%
36150 Aize
3%
36310 Beaulieu
3%
36310 Bonneuil
3%
36400 Briantes
3%
36100 Brives
3%
36150 Buxeuil
3%
36230 Buxières-d'Aillac
3%
36160 Champillet
3%
36200 Chavin
3%
36500 Chezelles
3%
36100 Chouday
3%
36700 Cléré-du-Bois
3%
36300 Concremiers
3%
36140 Crozon-sur-Vauvre
3%
36300 Douadic
3%
36310 Dunet
3%
36700 Fléré-la-Rivière
3%
36220 Fontgombault
3%
36230 Fougerolles
3%
36300 Ingrandes
3%
36120 Jeu-les-Bois
3%
36400 La Berthenoux
3%
36400 Lacs
3%
36600 Langé
3%
36700 Le Tranger
3%
36370 Lignac
3%
36150 Liniez
3%
36100 Lizeray
3%
36140 Lourdoueix-Saint-Michel
3%
36400 Lourouer-Saint-Laurent
3%
36150 Luçay-le-Libre
3%
36220 Lurais
3%
36800 Luzeret
3%
36150 Ménétréols-sous-Vatan
3%
36500 Méobecq
3%
36100 Meunet-Planches
3%
36290 Mézières-en-Brenne
3%
36800 Migné
3%
36170 Mouhet
3%
36500 Neuillay-les-Bois
3%
36250 Niherne
3%
36290 Obterre
3%
36500 Palluau-sur-Indre
3%
36180 Pellevoisin
3%
36370 Prissac
3%
36800 Rivarennes
3%
36170 Roussines
3%
36110 Rouvres-les-Bois
3%
36170 Sacierges-Saint-Martin
3%
36100 Saint-Aubin
3%
36400 Saint-Chartier
3%
36400 Saint-Christophe-en-Boucherie
3%
36170 Saint-Civran
3%
36700 Saint-Cyran-du-Jambot
3%
36100 Sainte-Fauste
3%
36160 Sainte-Sévère-sur-Indre
3%
36170 Saint-Gilles
3%
36700 Saint-Médard
3%
36190 Saint-Plantaire
3%
36230 Sarzay
3%
36100 Ségry
3%
36500 Sougé
3%
36400 Thevet-Saint-Julien
3%
36100 Thizay
3%
36310 Tilly
3%
36230 Tranzault
3%
36500 Vendœuvres
3%
36600 Veuil
3%
36600 Vicq-sur-Nahon
3%
36110 Villegongis
3%
36500 Villegouin
3%
36210 Anjouin
0%
36700 Arpheuilles
0%
36210 Bagneux
0%
36370 Chalais
0%
36170 Chazelet
0%
36210 Dun-le-Poëlier
0%
36160 Feusines
0%
36150 Fontenay
0%
36600 Fontguenand
0%
36110 Francillon
0%
36180 Frédille
0%
36240 Gehée
0%
36230 Gournay
0%
36180 Heugnes
0%
36240 Jeu-Maloches
0%
36500 La Chapelle-Orthemale
0%
36150 La Chapelle-Saint-Laurian
0%
36160 La Motte-Feuilly
0%
36600 La Vernelle
0%
36160 Lignerolles
0%
36220 Lingé
0%
36220 Lureuil
0%
36600 Lye
0%
36230 Lys-Saint-Georges
0%
36340 Maillet
0%
36340 Malicornay
0%
36370 Mauvières
0%
36210 Menetou-sur-Nahon
0%
36220 Mérigny
0%
36230 Montipouret
0%
36400 Montlevicq
0%
36700 Murs
0%
36220 Néons-sur-Creuse
0%
36400 Néret
0%
36210 Orville
0%
36800 Oulches
0%
36290 Paulnay
0%
36160 Pérassay
0%
36160 Pouligny-Notre-Dame
0%
36240 Préaux
0%
36220 Preuilly-la-Ville
0%
36300 Saint-Aigny
0%
36210 Saint-Christophe-en-Bazelle
0%
36500 Sainte-Gemme
0%
36370 Saint-Hilaire-sur-Benaize
0%
36500 Saint-Lactencin
0%
36290 Saint-Michel-en-Brenne
0%
36260 Saint-Pierre-de-Jards
0%
36290 Saulnay
0%
36220 Sauzelles
0%
36160 Sazeray
0%
36180 Selles-sur-Nahon
0%
36210 Sembleçay
0%
36220 Tournon-Saint-Martin
0%
36160 Urciers
0%
36210 Val-Fouzon
0%
36400 Verneuil-sur-Igneraie
0%
36400 Vicq-Exemplet
0%
36160 Vigoulant
0%
36160 Vijon
0%
36600 Villentrois-Faverolles-en-Berry
0%
Aucun quiz correspondant
Distribution des résultats
% des personnes avec chaque résultat
Percentile par nombre de réponses
Votre historique - résultats
Vous n’avez pas pris ce quiz